00878nam a22002657a 450000500170000000800410001701000140005802000260007202000230009803500130012103700130013404000130014708200110016010000220017124501050019325000110029826000380030927000420034730000390038950000200042865000030044870000030045185600850045485600730053920110104163341.0110104t xxu||||| |||| 00| 0 eng d aENG-98169 a9780070152779c495.00 a0070152772c495.00 aEN-81702 bDBAD/PUB adplbEng00a004.221 aGovindarajalu, B.10aComputer architecture and organization :bdesign, principles and applications /cby B. Govindarajalu a2nd ed aNew DelhibTata McGraw-Hillc2010 a7 West Patel NagarbNew Delhie110008 axxxvi, 860p. :bill. c24 cm (pbk) aIncludes index 0 423Publisher descriptionuhttp://www.loc.gov/catdir/description/mh022/92044944.html413Table of contentsuhttp://www.loc.gov/catdir/toc/mh021/92044944.html